[Event "XI Paracin Festival 2018"]
[Site "Paracin"]
[Date "2018.07.13"]
[Round "9"]
[White "Raja Rithvik R"]
[Black "Shyam, Sundar M"]
[Result "0-1"]
[WhiteElo "2343"]
[BlackElo "2527"]
[Annotator "TA"]
[PlyCount "70"]
[EventDate "2018.07.06"]
[EventType "swiss"]
[EventCountry "SRB"]
[SourceTitle "playchess.com"]
[Source "ChessBase"]
[SourceQuality "1"]

{[%evp 12,70,94,80,92,84,79,80,79,101,77,76,87,79,97,85,103,42,54,14,23,16,17,1,28,37,29,31,33,-3,17,0,29,0,0,0,0,0,0,0,0,-7,-19,-5,-10,-23,0,-7,0,0,0,-292,-283,-275,-270,-1114,-1097,-2210,-1248,-1128,-850]} 1. d4 d6 2. e4 Nf6 3. Nc3 g6 4. Be3 a6 5. h3 b5 (5... Bg7 6. Nf3 O-O 7. a4 Nc6 8. Be2 e6 9. O-O b6 10. d5 exd5 11. exd5 Ne7 12. Bc4 Bb7 13. Qd2 Nf5 14. Bf4 Qd7 15. Rfe1 Rfe8 16. Rxe8+ Rxe8 17. Re1 Rxe1+ 18. Qxe1 {½-½ (63) Caruana,F (2799)-Grischuk,A (2782) Saint Louis 2017}) 6. e5 {B07: Pirc-Ufimzew-Verteidigung} Nfd7 7. Qf3 {LiveBook: 7 Partien} c6 8. exd6 $146 {Weiß steht besser.} ({Vorgänger:} 8. Qg3 dxe5 9. Nf3 exd4 10. Bxd4 f6 11. Be2 Bg7 12. O-O-O O-O {1-0 (35) Petrigin,O (2309)-Conterno,D (2337) ICCF email 2016}) 8... exd6 9. O-O-O {Te1 ist eine echte Drohung.} Be7 10. Bh6 Bg5+ 11. Bxg5 Qxg5+ {[#]} 12. Kb1 $1 O-O 13. Bd3 Qh4 14. Nge2 (14. Qe3 $16) 14... d5 $14 15. Qf4 (15. g3 {with more complications.} Qf6 16. Nf4 Nb6 17. Nce2 a5 18. g4) 15... Qxf4 16. Nxf4 Nb6 17. h4 Ra7 18. Rde1 a5 19. Kc1 Na6 20. a3 Rd8 21. f3 Kf8 22. g4 b4 23. Nb1 c5 24. Bxa6 Bxa6 25. dxc5 Na4 26. axb4 axb4 27. Re5 Nxc5 28. b3 ({Natürlich nicht} 28. Rxd5 Rc8 $17) 28... Bb7 29. h5 $132 {[%mdl 2048] [#] Droht stark hxg6. Weiss is not keeping still} g5 $1 {[%mdl 512]} 30. Rxg5 Ra2 {Und weiter mit ...Tc8 wäre nett.} 31. Re1 $2 {[%mdl 8192]} (31. Nd2 $1 $11 {und Weiss steht sicher.}) 31... Rc8 $19 {Weiss muss nun ...Sxb3+ beachten.} 32. Kd1 d4 {[%cal Bd5d4,Bd4d3][%mdl 32]} 33. Nd5 $2 (33. Nd2 Ra1+ 34. Ke2 Re8+ 35. Kf2 Rexe1 36. Rxc5) 33... d3 {Schwarz steht klar auf Gewinn.} 34. c4 bxc3 35. Nbxc3 Ra1+ {Precision: Weiß = 43%, Schwarz = 63%.} 0-1

[Event "XI Paracin Festival 2018"]
[Site "Paracin"]
[Date "2018.07.13"]
[Round "9"]
[White "Sylvan, Jacob"]
[Black "Popovic, Aleksandar M"]
[Result "1-0"]
[WhiteElo "2332"]
[BlackElo "2264"]
[Annotator "NA"]
[PlyCount "104"]
[EventDate "2018.07.06"]
[EventType "swiss"]
[EventCountry "SRB"]
[SourceTitle "playchess.com"]
[Source "ChessBase"]
[SourceQuality "1"]
[TimeControl "5400+30"]

1. e4 {[%emt 0:00:00]} g6 {[%emt 0:00:00]} 2. d4 {[%emt 0:00:00]} Bg7 {[%emt 0:00:00]} 3. Nc3 {[%emt 0:00:00]} d6 {[%emt 0:00:00]} 4. f4 {[%emt 0:00:31]} a6 {[%emt 0:00:00]} 5. Nf3 {[%emt 0:00:13]} b5 {[%emt 0:00:00]} 6. Bd3 {[%emt 0:00:18]} Nd7 {[%emt 0:00:45]} 7. e5 {[%emt 0:00:13]} Bb7 {[%emt 0:07:14]} 8. Be4 {[%emt 0:05:39]} Bxe4 {[%emt 0:08:21]} 9. Nxe4 {[%emt 0:01:04]} Nh6 {[%emt 0:00:29]} 10. Nfg5 {[%emt 0:05:34]} d5 {[%emt 0:06:00]} 11. e6 {[%emt 0:02:44]} Nf8 {[%emt 0:16:10]} 12. exf7+ {[%emt 0:12:55]} Nxf7 {[%emt 0:00:11]} 13. Nxf7 {[%emt 0:00:08]} Kxf7 {[%emt 0:00:05]} 14. Ng5+ {[%emt 0:00:08]} Kg8 {[%emt 0:02:34]} 15. O-O {[%emt 0:01:00]} Qd6 {[%emt 0:05:56]} 16. Qd3 {[%emt 0:06:16]} Ne6 {[%emt 0:05:39]} 17. Nf3 {[%emt 0:02:43]} c5 {[%emt 0:23:52]} 18. dxc5 {[%emt 0:02:30]} Nxc5 {[%emt 0:00:46]} 19. Qe2 {[%emt 0:00:45]} Rf8 {[%emt 0:03:52]} 20. c3 {[%emt 0:01:41]} h6 {[%emt 0:00:08]} 21. Be3 {[%emt 0:01:35]} Kh7 {[%emt 0:02:48]} 22. g3 {[%emt 0:01:53]} Ne4 {[%emt 0:00:56]} 23. Rad1 {[%emt 0:01:19]} e6 {[%emt 0:07:22]} 24. Bd4 {[%emt 0:00:54]} Bxd4+ {[%emt 0:00:43]} 25. Rxd4 {[%emt 0:00:09]} Qb6 {[%emt 0:01:06]} 26. Kg2 {[%emt 0:00:30]} Rf6 {[%emt 0:00:15]} 27. Ne5 {[%emt 0:00:55]} Qc7 {[%emt 0:00:45]} 28. Rfd1 {[%emt 0:00:36]} Nc5 {[%emt 0:03:11]} 29. b4 {[%emt 0:00:23]} Na4 {[%emt 0:00:00]} 30. Ng4 {[%emt 0:00:10]} Rhf8 {[%emt 0:02:10]} 31. Nxf6+ {[%emt 0:00:40]} Rxf6 {[%emt 0:00:02]} 32. R1d3 {[%emt 0:00:40]} a5 {[%emt 0:01:23]} 33. Qe5 {[%emt 0:00:48]} Qd8 {[%emt 0:00:34]} 34. bxa5 {[%emt 0:02:21]} Nc5 {[%emt 0:00:36]} 35. Rd1 {[%emt 0:01:20]} Rf5 {[%emt 0:00:06]} 36. Qe2 {[%emt 0:00:55]} Qxa5 {[%emt 0:00:02]} 37. Rb4 {[%emt 0:00:26]} Ne4 {[%emt 0:01:13]} 38. Rxb5 {[%emt 0:03:05]} Qxc3 {[%emt 0:00:26]} 39. Qb2 {[%emt 0:01:10]} g5 {[%emt 0:02:43]} 40. Rb7+ {[%emt 0:01:01]} Kg6 {[%emt 0:00:03]} 41. Qxc3 {[%emt 0:00:14]} Nxc3 {[%emt 0:00:07]} 42. Rd3 {[%emt 0:00:50]} Ne4 {[%emt 0:00:06]} 43. Rf3 {[%emt 0:02:10]} d4 {[%emt 0:01:07]} 44. Rb6 {[%emt 0:01:09]} Nc5 {[%emt 0:01:03]} 45. a4 {[%emt 0:00:52]} d3 {[%emt 0:00:43]} 46. Rd6 {[%emt 0:01:11]} gxf4 {[%emt 0:00:55]} 47. Rxf4 {[%emt 0:01:25]} Re5 {[%emt 0:00:06]} 48. Kf3 {[%emt 0:01:50]} Re2 {[%emt 0:00:49]} 49. Rxd3 {[%emt 0:00:21]} Rxh2 {[%emt 0:00:35]} 50. Rc3 {[%emt 0:00:47]} Nd7 {[%emt 0:00:22]} 51. Re3 {[%emt 0:00:40]} e5 {[%emt 0:00:38]} 52. Rg4+ {[%emt 0:00:14]} Kf5 {[%emt 0:01:03] Ke4+} 1-0

[Event "XI Paracin Festival 2018"]
[Site "Paracin"]
[Date "2018.07.13"]
[Round "9"]
[White "Becker, Marcel"]
[Black "Popovic, Milan S"]
[Result "0-1"]
[WhiteElo "2330"]
[BlackElo "2264"]
[Annotator "NA"]
[PlyCount "64"]
[EventDate "2018.07.06"]
[EventType "swiss"]
[EventCountry "SRB"]
[SourceTitle "playchess.com"]
[Source "ChessBase"]
[SourceQuality "1"]
[TimeControl "5400+30"]

1. d4 {[%emt 0:00:00]} Nf6 {[%emt 0:00:00]} 2. c4 {[%emt 0:00:00]} g6 {[%emt 0:00:00]} 3. Nc3 {[%emt 0:00:00]} Bg7 {[%emt 0:00:00]} 4. e4 {[%emt 0:00:11]} O-O $14 {[%emt 0:00:00] LiveBook: 4729 Games} 5. Be2 {[%emt 0:00:19]} c6 {[%emt 0:00:00]} 6. e5 {[%emt 0:01:49]} Ne8 {[%emt 0:00:03]} 7. Nf3 {[%emt 0:00:17]} d6 {[%emt 0:00:03]} 8. Bf4 {[%emt 0:07:21]} Bg4 {[%emt 0:02:51]} 9. Ng5 {[%emt 0:06:03]} Bc8 {[%emt 0:22:56]} 10. e6 {[%emt 0:07:01]} Bxe6 {[%emt 0:05:52]} 11. Nxe6 {[%emt 0:03:25]} fxe6 {[%emt 0:00:02]} 12. Be3 {[%emt 0:01:10]} Nd7 {[%emt 0:14:35]} 13. h4 {[%emt 0:06:37]} c5 {[%emt 0:05:35]} 14. d5 {[%emt 0:00:36]} exd5 {[%emt 0:00:33]} 15. Qxd5+ {[%emt 0:02:21]} Rf7 {[%emt 0:01:44]} 16. h5 {[%emt 0:04:25]} Nf8 {[%emt 0:05:12]} 17. hxg6 {[%emt 0:00:46]} hxg6 {[%emt 0:01:00]} 18. Qd2 {[%emt 0:06:10]} Qa5 {[%emt 0:05:14]} 19. Bd3 {[%emt 0:04:21]} e6 {[%emt 0:04:14]} 20. O-O-O {[%emt 0:07:32]} Bd4 {[%emt 0:11:51]} 21. Qc2 {[%emt 0:00:35]} Bxe3+ {[%emt 0:00:37]} 22. fxe3 {[%emt 0:00:11]} Kg7 {[%emt 0:03:14]} 23. Rh3 {[%emt 0:01:07]} Qd8 {[%emt 0:01:35]} 24. Rdh1 {[%emt 0:03:08]} Qg5 {[%emt 0:00:48]} 25. Ne4 {[%emt 0:07:26]} Qe5 {[%emt 0:00:06]} 26. Nd2 {[%emt 0:04:39]} Nf6 {[%emt 0:01:42]} 27. Kb1 {[%emt 0:03:16]} Ng4 {[%emt 0:01:03]} 28. Bxg6 {[%emt 0:02:03]} Rf2 {[%emt 0:03:43]} 29. Qe4 {[%emt 0:05:50]} Rxd2 {[%emt 0:02:46]} 30. Rh7+ {[%emt 0:07:12]} Nxh7 {[%emt 0:00:27]} 31. Rxh7+ {[%emt 0:00:36]} Kg8 {[%emt 0:01:06]} 32. Bf7+ {[%emt 0:03:06]} Kf8 {[%emt 0:00:03]} 0-1

[Event "XI Paracin Festival 2018"]
[Site "Paracin"]
[Date "2018.07.13"]
[Round "9"]
[White "Marjanovic, Annamaria"]
[Black "Cvetkovic, Srdjan"]
[Result "1/2-1/2"]
[WhiteElo "2325"]
[BlackElo "2262"]
[Annotator "NA"]
[PlyCount "88"]
[EventDate "2018.07.06"]
[EventType "swiss"]
[EventCountry "SRB"]
[SourceTitle "playchess.com"]
[Source "ChessBase"]
[SourceQuality "1"]
[TimeControl "5400+30"]

1. c4 {[%emt 0:00:00]} e6 {[%emt 0:00:00]} 2. g3 {[%emt 0:00:00]} d5 {[%emt 0:00:28]} 3. Nf3 {[%emt 0:00:00]} Nf6 {[%emt 0:01:49]} 4. Bg2 {[%emt 0:00:03]} Be7 {[%emt 0:01:17]} 5. O-O {[%emt 0:00:14]} O-O {[%emt 0:00:04]} 6. b3 {[%emt 0:00:07]} c5 {[%emt 0:05:19]} 7. cxd5 {[%emt 0:00:14]} Nxd5 {[%emt 0:01:41]} 8. Bb2 {[%emt 0:00:14]} Nc6 {[%emt 0:00:52]} 9. d4 {[%emt 0:00:44]} cxd4 {[%emt 0:12:37]} 10. Nxd4 {[%emt 0:00:12]} Bd7 {[%emt 0:06:59]} 11. e4 {[%emt 0:08:42]} Ndb4 {[%emt 0:08:23]} 12. Na3 {[%emt 0:19:34]} Nxd4 {[%emt 0:06:45]} 13. Qxd4 {[%emt 0:02:53]} e5 {[%emt 0:02:11]} 14. Qe3 {[%emt 0:01:26]} f6 {[%emt 0:15:45]} 15. Rfd1 {[%emt 0:00:22]} Qe8 {[%emt 0:00:15]} 16. Bf1 {[%emt 0:07:30]} Be6 {[%emt 0:03:43]} 17. Rd2 {[%emt 0:00:24]} Nc6 {[%emt 0:06:12]} 18. Nb5 {[%emt 0:06:30]} Bb4 {[%emt 0:04:40]} 19. Rc2 {[%emt 0:04:22]} Qe7 {[%emt 0:02:45]} 20. Bc4 {[%emt 0:05:52]} Bxc4 {[%emt 0:00:08]} 21. Rxc4 {[%emt 0:00:09]} a6 {[%emt 0:04:34]} 22. Nc3 {[%emt 0:00:17]} Bxc3 {[%emt 0:00:05]} 23. Bxc3 {[%emt 0:00:17]} Rfd8 {[%emt 0:01:13]} 24. a4 {[%emt 0:08:10]} Rd7 {[%emt 0:00:35]} 25. b4 {[%emt 0:01:05]} Rad8 {[%emt 0:04:21]} 26. b5 {[%emt 0:03:43]} Nd4 {[%emt 0:01:26]} 27. Bxd4 {[%emt 0:03:32]} Rxd4 {[%emt 0:00:27]} 28. Rac1 {[%emt 0:02:07]} h6 {[%emt 0:03:34]} 29. Kg2 {[%emt 0:00:58]} axb5 {[%emt 0:02:15]} 30. axb5 {[%emt 0:00:37]} Qd7 {[%emt 0:00:56]} 31. Qb3 {[%emt 0:03:31]} Qf7 {[%emt 0:00:29]} 32. R1c3 {[%emt 0:02:06]} Rxc4 {[%emt 0:00:39]} 33. Rxc4 {[%emt 0:00:07]} Kh7 {[%emt 0:00:25]} 34. Qc3 {[%emt 0:00:41]} Qd7 {[%emt 0:00:48]} 35. Qb3 {[%emt 0:03:11]} Qe6 {[%emt 0:00:16]} 36. Qb4 {[%emt 0:00:31]} Qb6 {[%emt 0:01:08]} 37. Qc5 {[%emt 0:06:05]} Qxc5 {[%emt 0:00:11]} 38. Rxc5 {[%emt 0:00:05]} Rd4 {[%emt 0:01:21]} 39. Rc7 {[%emt 0:00:18]} Rxe4 {[%emt 0:00:06]} 40. Rxb7 {[%emt 0:00:03]} Rb4 {[%emt 0:00:03]} 41. b6 {[%emt 0:00:41]} h5 {[%emt 0:00:23]} 42. Rb8 {[%emt 0:00:20]} Kg6 {[%emt 0:00:37]} 43. Kf3 {[%emt 0:02:08]} Kf5 {[%emt 0:00:24]} 44. h3 {[%emt 0:02:19]} g5 {[%emt 0:00:34] Ke4+} 1/2-1/2

[Event "XI Paracin Festival 2018"]
[Site "Paracin"]
[Date "2018.07.13"]
[Round "9"]
[White "Kathmale, Sameer"]
[Black "Matovic, Mihajlo Z"]
[Result "1-0"]
[WhiteElo "2323"]
[BlackElo "2256"]
[Annotator "NA"]
[PlyCount "99"]
[EventDate "2018.07.06"]
[EventType "swiss"]
[EventCountry "SRB"]
[SourceTitle "playchess.com"]
[Source "ChessBase"]
[SourceQuality "1"]
[TimeControl "5400+30"]

1. e4 {[%emt 0:01:51]} c5 {[%emt 0:00:00]} 2. Nf3 {[%emt 0:00:54]} d6 {[%emt 0:00:00]} 3. d4 {[%emt 0:00:05]} Nf6 {[%emt 0:00:00]} 4. Nc3 {[%emt 0:00:17]} cxd4 {[%emt 0:00:00]} 5. Nxd4 {[%emt 0:00:06]} a6 {[%emt 0:00:00]} 6. h3 {[%emt 0:00:06]} e5 {[%emt 0:00:00]} 7. Nb3 {[%emt 0:00:06]} h5 {[%emt 0:00:00]} 8. Bg5 {[%emt 0:02:20]} Nbd7 {[%emt 0:00:00]} 9. Qe2 {[%emt 0:05:35]} Be7 {[%emt 0:00:46]} 10. f4 {[%emt 0:01:28]} b5 {[%emt 0:03:28]} 11. a3 {[%emt 0:13:32]} Bb7 {[%emt 0:00:27]} 12. O-O-O {[%emt 0:01:06]} Qc7 {[%emt 0:02:07]} 13. Kb1 {[%emt 0:02:43]} Rc8 {[%emt 0:00:16]} 14. Rh2 {[%emt 0:05:35]} Qb8 {[%emt 0:09:43]} 15. Nd5 {[%emt 0:13:15]} Nxd5 {[%emt 0:04:44]} 16. exd5 {[%emt 0:00:03]} Bxg5 {[%emt 0:00:23]} 17. fxg5 {[%emt 0:00:02]} Nb6 {[%emt 0:02:45]} 18. g4 {[%emt 0:00:56]} Nxd5 {[%emt 0:03:49]} 19. gxh5 {[%emt 0:00:19]} Nf4 {[%emt 0:00:03]} 20. Qg4 {[%emt 0:01:14]} Rxh5 {[%emt 0:03:34]} 21. Na5 {[%emt 0:11:09]} Rd8 {[%emt 0:11:34]} 22. Rhd2 {[%emt 0:06:45]} Be4 {[%emt 0:23:30]} 23. Re1 {[%emt 0:02:41]} Qa8 {[%emt 0:00:05]} 24. Rf2 {[%emt 0:04:32]} Rh8 {[%emt 0:02:54]} 25. Rxf4 {[%emt 0:04:22]} exf4 {[%emt 0:00:03]} 26. Qxf4 {[%emt 0:05:21]} d5 {[%emt 0:00:15]} 27. g6 {[%emt 0:01:01]} fxg6 {[%emt 0:09:06]} 28. Bd3 {[%emt 0:02:41]} Rf8 {[%emt 0:02:05]} 29. Qe5+ {[%emt 0:03:28]} Kf7 {[%emt 0:00:34]} 30. Qc7+ {[%emt 0:00:23]} Kg8 {[%emt 0:01:01]} 31. Nc6 {[%emt 0:01:24]} Rde8 {[%emt 0:10:21]} 32. Ne7+ {[%emt 0:00:02]} Kh7 {[%emt 0:05:43]} 33. Nxg6 {[%emt 0:03:36]} Rf6 {[%emt 0:00:01]} 34. Ne5 {[%emt 0:00:30]} Rfe6 {[%emt 0:01:59]} 35. Nf7 {[%emt 0:03:44]} R6e7 {[%emt 0:01:43]} 36. Qf4 {[%emt 0:00:58]} Qc6 {[%emt 0:03:33]} 37. Bxe4+ {[%emt 0:01:16]} dxe4 {[%emt 0:00:31]} 38. Nd6 {[%emt 0:01:03]} e3 {[%emt 0:00:59]} 39. Nxe8 {[%emt 0:01:41]} Qxe8 {[%emt 0:00:01]} 40. Re2 {[%emt 0:00:47]} Re4 {[%emt 0:01:11]} 41. Qf5+ {[%emt 0:00:17]} Qg6 {[%emt 0:00:19]} 42. Qxg6+ {[%emt 0:00:37]} Kxg6 {[%emt 0:00:01]} 43. Kc1 {[%emt 0:00:21]} Kf5 44. Kd1 Kf4 {[%emt 0:01:13]} 45. Rg2 {[%emt 0:00:13]} g5 {[%emt 0:01:03]} 46. Ke2 {[%emt 0:00:34]} Kf5 47. Rg3 {[%emt 0:00:18]} b4 {[%emt 0:01:02]} 48. Rf3+ {[%emt 0:00:32]} Rf4 {[%emt 0:00:27]} 49. Kxe3 {[%emt 0:01:12]} bxa3 {[%emt 0:00:06]} 50. bxa3 1-0

[Event "XI Paracin Festival 2018"]
[Site "Paracin"]
[Date "2018.07.13"]
[Round "9"]
[White "Milosevic, Milos"]
[Black "Gukesh D"]
[Result "1/2-1/2"]
[WhiteElo "2315"]
[BlackElo "2433"]
[Annotator "NA RC"]
[PlyCount "51"]
[EventDate "2018.07.06"]
[EventType "swiss"]
[EventCountry "SRB"]
[SourceTitle "playchess.com"]
[Source "ChessBase"]
[SourceQuality "1"]
[TimeControl "5400+30"]

1. e4 {[%emt 0:00:00]} c5 {[%emt 0:01:25]} 2. Nc3 {[%emt 0:02:41]} Nc6 {[%emt 0:00:08]} 3. Bb5 {[%emt 0:00:08]} Nd4 {[%emt 0:04:04]} 4. Bc4 {[%emt 0:00:11]} e6 {[%emt 0:02:28]} 5. Nf3 {[%emt 0:00:04]} Nf6 {[%emt 0:07:35]} 6. O-O {[%emt 0:01:24]} Qc7 {[%emt 0:07:33]} 7. h3 {[%emt 0:03:07]} a6 {[%emt 0:01:48]} 8. d3 {[%emt 0:02:09]} b5 {[%emt 0:03:47]} 9. Bb3 {[%emt 0:00:05]} Nxb3 {[%emt 0:01:29]} 10. axb3 {[%emt 0:00:04]} Bb7 {[%emt 0:00:04]} 11. e5 {[%emt 0:01:25]} Nd5 {[%emt 0:01:27]} 12. Ne4 {[%emt 0:01:24]} f5 {[%emt 0:11:07]} 13. exf6 {[%emt 0:03:39]} Nxf6 {[%emt 0:00:23]} 14. Nfg5 {[%emt 0:06:37]} Qc6 {[%emt 0:05:19]} 15. Nxf6+ {[%emt 0:17:03]} gxf6 {[%emt 0:00:06]} 16. Qh5+ {[%emt 0:00:42]} Kd8 {[%emt 0:00:53]} 17. Nf7+ {[%emt 0:00:55]} Ke7 {[%emt 0:07:56]} 18. f3 {[%emt 0:00:33]} Rg8 {[%emt 0:00:00]} 19. Bf4 {[%emt 0:05:17]} Qd5 {[%emt 0:07:36]} 20. Bd6+ {[%emt 0:07:39]} Ke8 {[%emt 0:00:17]} 21. Ne5+ {[%emt 0:34:33]} Kd8 {[%emt 0:00:09]} 22. Nf7+ {[%emt 0:01:34]} Ke8 {[%emt 0:11:47]} 23. Ne5+ {[%emt 0:00:10]} Kd8 24. Nf7+ Kc8 25. Qxd5 Bxd5 26. c4 1/2-1/2

[Event "XI Paracin Festival 2018"]
[Site "Paracin"]
[Date "2018.07.13"]
[Round "9"]
[White "Sredojevic, Ivan"]
[Black "Radovic, Luka"]
[Result "1/2-1/2"]
[WhiteElo "2298"]
[BlackElo "2344"]
[Annotator "NA"]
[PlyCount "40"]
[EventDate "2018.07.06"]
[EventType "swiss"]
[EventCountry "SRB"]
[SourceTitle "playchess.com"]
[Source "ChessBase"]
[SourceQuality "1"]
[TimeControl "5400+30"]

1. Nf3 {[%emt 0:00:00]} Nf6 {[%emt 0:00:00]} 2. c4 {[%emt 0:00:00]} c6 {[%emt 0:00:00]} 3. Nc3 {[%emt 0:00:00]} d5 {[%emt 0:00:00]} 4. cxd5 {[%emt 0:00:00]} cxd5 {[%emt 0:00:00]} 5. d4 {[%emt 0:00:00]} Nc6 {[%emt 0:00:00]} 6. Bf4 {[%emt 0:00:00]} Bf5 {[%emt 0:00:00]} 7. e3 {[%emt 0:00:00]} e6 {[%emt 0:00:00]} 8. Bd3 {[%emt 0:00:00]} Bxd3 {[%emt 0:00:05]} 9. Qxd3 $11 {[%emt 0:00:01] LiveBook: 2635 Games} Bd6 {[%emt 0:00:05]} 10. Bxd6 {[%emt 0:00:04]} Qxd6 {[%emt 0:00:03]} 11. O-O {[%emt 0:00:06]} O-O {[%emt 0:00:03]} 12. Rfc1 {[%emt 0:00:04]} Rfc8 {[%emt 0:00:05]} 13. a3 {[%emt 0:00:20]} a6 {[%emt 0:00:05]} 14. Rc2 {[%emt 0:00:05]} Rc7 {[%emt 0:00:06]} 15. Rac1 {[%emt 0:00:03]} Rac8 {[%emt 0:00:04]} 16. Ne2 {[%emt 0:00:05]} Ne7 {[%emt 0:00:04]} 17. Rxc7 {[%emt 0:00:04]} Rxc7 {[%emt 0:00:06]} 18. Rxc7 {[%emt 0:00:05]} Qxc7 {[%emt 0:00:05]} 19. Qc3 {[%emt 0:00:03]} Qxc3 {[%emt 0:00:06]} 20. Nxc3 {[%emt 0:00:02]} Nc6 {[%emt 0:00:07]} 1/2-1/2

[Event "XI Paracin Festival 2018"]
[Site "Paracin"]
[Date "2018.07.13"]
[Round "9"]
[White "Cerovic, Danilo"]
[Black "McPhillips, Joseph"]
[Result "0-1"]
[WhiteElo "2294"]
[BlackElo "2402"]
[Annotator "NA"]
[PlyCount "52"]
[EventDate "2018.07.06"]
[EventType "swiss"]
[EventCountry "SRB"]
[SourceTitle "playchess.com"]
[Source "ChessBase"]
[SourceQuality "1"]
[TimeControl "5400+30"]

1. e4 {[%emt 0:01:11]} e6 {[%emt 0:01:47]} 2. d4 {[%emt 0:00:09]} d5 {[%emt 0:00:03]} 3. Nc3 {[%emt 0:00:04]} Nf6 {[%emt 0:00:04]} 4. Bg5 {[%emt 0:00:06]} dxe4 {[%emt 0:01:33]} 5. Nxe4 {[%emt 0:00:13]} Be7 {[%emt 0:00:06]} 6. Bxf6 {[%emt 0:00:04]} gxf6 {[%emt 0:00:05]} 7. Qd2 {[%emt 0:00:04]} f5 {[%emt 0:00:15]} 8. Nc3 {[%emt 0:00:20]} Qd6 {[%emt 0:01:09]} 9. g3 {[%emt 0:06:06]} h5 {[%emt 0:06:07]} 10. O-O-O {[%emt 0:03:29]} a6 {[%emt 0:02:21]} 11. Nge2 {[%emt 0:06:13]} h4 {[%emt 0:02:23]} 12. Bg2 {[%emt 0:05:20]} Nd7 {[%emt 0:01:06]} 13. d5 {[%emt 0:04:52]} e5 {[%emt 0:09:15]} 14. f4 {[%emt 0:08:31]} e4 {[%emt 0:01:53]} 15. Nd4 {[%emt 0:08:18]} Nb6 {[%emt 0:02:05]} 16. Qe2 {[%emt 0:00:38]} h3 {[%emt 0:10:44]} 17. Bxe4 {[%emt 0:01:57]} fxe4 {[%emt 0:00:06]} 18. Nxe4 {[%emt 0:00:20]} Qh6 {[%emt 0:10:06]} 19. d6 {[%emt 0:21:36]} cxd6 {[%emt 0:00:39]} 20. Nf5 {[%emt 0:02:00]} Bxf5 {[%emt 0:02:50]} 21. Nxd6+ {[%emt 0:01:17]} Kf8 {[%emt 0:01:16]} 22. Nxf5 {[%emt 0:00:37]} Qe6 {[%emt 0:03:30]} 23. Qg4 {[%emt 0:13:31]} Bf6 {[%emt 0:03:47]} 24. Rd6 {[%emt 0:00:27]} Qxa2 {[%emt 0:14:48]} 25. Rxf6 {[%emt 0:00:25]} Rh7 {[%emt 0:00:01]} 26. Nd6 {[%emt 0:07:18]} Qa1+ {[%emt 0:01:46]} 0-1

[Event "XI Paracin Festival 2018"]
[Site "Paracin"]
[Date "2018.07.13"]
[Round "9"]
[White "Savanovic, Vuk"]
[Black "Lajthajm, Borko"]
[Result "0-1"]
[WhiteElo "2294"]
[BlackElo "2422"]
[Annotator "TA"]
[PlyCount "76"]
[EventDate "2018.07.06"]
[EventType "swiss"]
[EventCountry "SRB"]
[SourceTitle "playchess.com"]
[Source "ChessBase"]
[SourceQuality "1"]

{[%evp 12,76,25,0,15,19,49,56,44,50,52,53,64,0,6,0,0,-99,-112,-86,-44,-47,-43,-124,-124,-124,-118,-118,-118,-133,-118,-216,-213,-242,-242,-318,-287,-280,-225,-245,-259,-237,-262,-245,-216,-246,-247,-308,-278,-670,-662,-649,-635,-671,-666,-762,-729,-836,-777,-1182,-1159,-1383,-1316,-1527,-1511,-3372,-3121]} 1. e4 c5 2. Nf3 a6 3. Nc3 e6 4. d4 cxd4 5. Nxd4 Qc7 6. Be3 Nf6 7. a3 {LiveBook: 28 Games} Bc5 {B43: Sicilian: Kan Variation: 5 Nc3} (7... b5 8. Bd3 Bb7 9. Qf3 d6 10. Qg3 Nbd7 11. O-O h5 12. h3 h4 13. Qf3 Be7 14. Nb3 d5 15. Bf4 e5 {0-1 (31) Escobar Medina,A (2343)-Iturrizaga Bonelli,E (2663) Medellin 2017}) 8. Be2 d6 9. Qd2 O-O {White is slightly better.} 10. g4 $146 {[%cal Bg2g4,Bg4g5][%mdl 32]} ({Predecessor:} 10. O-O b5 11. Nb3 Bxe3 12. Qxe3 Bb7 13. f4 Nbd7 14. Rad1 Rad8 15. Bf3 e5 16. f5 Nb6 17. Nd2 d5 18. exd5 Bxd5 {0-1 (36) Van Riemsdijk,H (2363)-Panno,O (2471) Mar del Plata 2001}) 10... b5 11. g5 Ne8 12. b4 (12. h4 $14) 12... Bxd4 $11 13. Bxd4 Nc6 14. Nd1 (14. Be3 $11 {keeps the balance.}) 14... Nxd4 $17 15. Qxd4 Qxc2 16. Nc3 $1 e5 17. Qd3 (17. Qe3 $1 $15 Be6 18. O-O) 17... Qxd3 18. Bxd3 Nc7 19. Rg1 Bb7 20. Kd2 Ne6 21. Ne2 (21. a4 $17) 21... f6 $19 22. g6 hxg6 23. Rxg6 Ng5 24. h4 Nf3+ ({Don't take} 24... Nxe4+ 25. Ke3 $19) 25. Ke3 Nxh4 26. Rg4 g5 {[%cal Bg7g5,Bg5h4,Bh4h3,Bh3h2][%mdl 32]} 27. a4 Bc6 28. Nc3 bxa4 29. Bc4+ Kg7 30. Rxh4 $2 {[#]} (30. Bd5) 30... gxh4 {Black is clearly winning.} 31. Rg1+ Kh6 32. Be6 Rh8 33. f4 Ra7 34. Rg4 h3 {[#] White must now prevent ...h2.} 35. Ne2 Bd7 36. Bxd7 Rxd7 37. Ng3 h2 38. Nf5+ Kh7 {Precision: White = 32%, Black = 66%.} 0-1

[Event "XI Paracin Festival 2018"]
[Site "Paracin"]
[Date "2018.07.13"]
[Round "9"]
[White "Omorjan, Dejan"]
[Black "Nestorovic, Dejan"]
[Result "0-1"]
[WhiteElo "2292"]
[BlackElo "2341"]
[Annotator "NA"]
[PlyCount "38"]
[EventDate "2018.07.06"]
[EventType "swiss"]
[EventCountry "SRB"]
[SourceTitle "playchess.com"]
[Source "ChessBase"]
[SourceQuality "1"]
[TimeControl "5400+30"]

1. d4 {[%emt 0:00:00]} Nf6 {[%emt 0:00:57]} 2. c4 {[%emt 0:00:00]} e6 {[%emt 0:00:21]} 3. Nf3 {[%emt 0:00:00]} Bb4+ {[%emt 0:00:09]} 4. Bd2 {[%emt 0:00:00]} Qe7 {[%emt 0:00:09]} 5. g3 {[%emt 0:00:00]} Nc6 {[%emt 0:00:09]} 6. Bg2 {[%emt 0:00:10]} Bxd2+ {[%emt 0:00:13]} 7. Nbxd2 {[%emt 0:00:07]} d6 {[%emt 0:00:58]} 8. O-O {[%emt 0:00:33]} a5 {[%emt 0:00:12]} 9. e4 {[%emt 0:01:08]} e5 {[%emt 0:00:08]} 10. d5 {[%emt 0:00:13]} Nb8 {[%emt 0:00:09]} 11. Ne1 {[%emt 0:00:24]} h5 {[%emt 0:00:08]} 12. h4 {[%emt 0:08:10]} Bg4 {[%emt 0:04:25]} 13. f3 {[%emt 0:01:51] E11: Bogo-Indian} Bd7 {[%emt 0:00:28]} 14. Nd3 {[%emt 0:02:44]} O-O {[%emt 0:03:09]} (14... Na6 15. Qe2 b6 16. b3 Nc5 17. a3 Nh7 18. Nxc5 bxc5 19. Qe3 O-O 20. Kh2 g6 {0-1 (55) Muzychuk,M (2520)-Nabaty,T (2579) Caleta 2015}) 15. Rc1 $146 {[%emt 0:04:26]} ({Predecessor:} 15. b3 c6 16. Rc1 Na6 17. a3 Rfc8 18. dxc6 bxc6 19. Qe2 Rab8 20. c5 Nxc5 21. Nxc5 dxc5 {0-1 (34) Matthiesen,M (2370)-Kollars,D (2429) Aarhus 2016}) 15... Na6 {[%emt 0:09:03]} 16. Qe2 {[%emt 0:02:12]} c6 {[%emt 0:03:56]} 17. Qe3 {[%emt 0:03:25]} Rfc8 {[%emt 0:03:03]} 18. a3 {[%emt 0:08:03]} a4 {[%emt 0:00:30]} 19. Nb1 $11 {[%emt 0:07:15]} c5 {[%emt 0:14:56]} 0-1